000 00704nam a2200289Ia 4500
005 20260324125006.0
008 008 260324s9999 xx 000 0 eng d
020 _a9780429108549
037 _aEBOOK
040 _aCRL
040 _beng
040 _cCRL
041 _2eng
041 _aeng
084 _qCRL
100 _aBrian Guenter; Sung-Hee Lee
_91176279
245 0 _aSymbolic Dynamics and Geometry
245 0 _bUsing D* in Graphics and Game Programming
260 _bTaylor and Francis
260 _c2009
365 _a
365 _b340
856 _uhttp://www.taylorfrancis.com/books/9780429108549
942 _cEBOOK
999 _c1771156
_d1771156